| 000 | 00467nam a2200145 4500 | ||
|---|---|---|---|
| 008 | 240605b |||||||| |||| 00| 0 eng d | ||
| 082 |
_a303.69 _bROA |
||
| 245 | _aThe road map to and special task force to resolve Muslims' grievances in Sri Lanka | ||
| 260 |
_aColombo: _bAl-Ceylan Muslim documentation centre, _c2010 |
||
| 300 | _a37 p. | ||
| 650 | _aMUSLIMS-Sri Lanka | ||
| 650 | _aEthnic violence-Sri Lanka | ||
| 650 | _aConflict resolution-Sri Lanka | ||
| 942 | _cRP | ||
| 999 |
_c4901 _d4901 |
||